Fastest Men 200 Meters - Statistics

General Stats
  • This quiz has been taken 13 times
  • The average score is 5 of 10
Answer Stats
Hint Answer % Correct
19.19 Usain Bolt
100%
19.57 Justin Gatlin
67%
19.32 Michael Johnson
58%
19.31 Noah Lyles
58%
19.58 Tyson Gay
58%
19.26 Yohan Blake
58%
19.46 Letsile Tebogo
42%
19.49 Erriyon Knighton
25%
19.57 Kenneth Bednarek
17%
19.53 Walter Dix
8%
No matching quizzes found
Score Distribution
Percent of People with Each Score
Percentile by Number Answered
Your Score History
You have not taken this quiz